[Event "POL-chT3"]
[Site "Jastrzebia Gora POL"]
[Date "2016.09.03"]
[Round "1.1"]
[White "Zakrzewski, Marek"]
[Black "Szwed, Jacek"]
[Result "0-1"]
[WhiteElo "2233"]
[BlackElo "2402"]
[EventDate "2016.09.02"]

1.e4 e6 2.d4 d5 3.Nd2 c5 4.exd5 exd5 5.Ngf3 a6 6.Be2 c4 7.O-O Bd6 8.b3 
cxb3 9.axb3 Ne7 10.Bb2 O-O 11.c4 Nbc6 12.Ne5 Be6 13.Ndf3 f6 14.Nxc6 Nxc6 
15.Bc3 Qd7 16.Qd2 Qf7 17.Rfd1 Rfd8 18.Qa2 g5 19.Nd2 Ne7 20.Nf1 Rac8 21.Ba5
Re8 22.Rac1 Kg7 23.g3 f5 24.Bf3 g4 25.Bg2 f4 26.gxf4 Bxf4 27.Bd2 Ng6 28.c5
Bb8 29.Bg5 Nf4 30.Bxf4 Bxf4 31.Rc3 h5 32.c6 h4 33.Qa5 Qc7 34.Qxc7+ Rxc7 
35.Ra1 h3 36.Bh1 Rxc6 37.Rxc6 bxc6 38.Rxa6 Bf5 39.Ra1 Bd3 40.Ng3 Kg6 41.b4
Kg5 42.Rd1 Bb5 43.Ra1 Bd2 44.Rb1 Re1+ 45.Rxe1 Bxe1 46.Nf1 Bc3 47.Ne3 Bxd4 
48.Nxd5 cxd5 49.Bxd5 Be2 50.Bc6 Kf4 51.b5 Ke5 52.Bd7 Kd6 53.Bc6 Kc5 54.Bd7
Kb4 55.Bc6 Kc3 56.Bd7 Kd2 57.Bc6 Ke1 58.Kh1 Kxf2 59.b6 Bf1 0-1

[Event "POL-chT3"]
[Site "Jastrzebia Gora POL"]
[Date "2016.09.03"]
[Round "1.2"]
[White "Jedynak, Radoslaw"]
[Black "Niekras, Dawid"]
[Result "1/2-1/2"]
[WhiteElo "2366"]
[BlackElo "2326"]
[EventDate "2016.09.02"]

1.e4 c5 2.Nf3 d6 3.d4 cxd4 4.Qxd4 a6 5.h3 Nc6 6.Qe3 g6 7.Be2 Bg7 8.O-O Nf6
9.c4 O-O 10.Nc3 Be6 11.Rb1 Nd7 12.b3 Nde5 13.Bb2 Nxf3+ 14.Bxf3 Qa5 15.Rfd1
Rab8 16.a3 Qc5 17.Qxc5 dxc5 18.Nd5 Bxb2 19.Rxb2 Rfc8 20.b4 cxb4 21.axb4 
Bxd5 22.exd5 Ne5 23.c5 Nxf3+ 24.gxf3 Rd8 25.b5 axb5 26.Rxb5 Rbc8 27.Rxb7 
Rxc5 28.Rxe7 Rcxd5 29.Re8+ Rxe8 30.Rxd5 Kg7 31.Kg2 h5 32.Ra5 Kf6 33.Ra6+ 
Kg5 34.Ra5+ 1/2-1/2

[Event "POL-chT3"]
[Site "Jastrzebia Gora POL"]
[Date "2016.09.03"]
[Round "1.3"]
[White "Bajerlein, Dawid"]
[Black "Tymrakiewicz, Rafal"]
[Result "0-1"]
[WhiteElo "2104"]
[BlackElo "2285"]
[EventDate "2016.09.02"]

1.d4 d5 2.c4 Bf5 3.cxd5 Nf6 4.Nc3 Nxd5 5.Qb3 Nxc3 6.bxc3 Nd7 7.Ba3 c5 8.
Rd1 cxd4 9.cxd4 Rc8 10.e4 Bxe4 11.Bc4 Rxc4 12.Qxc4 Bxg2 13.f3 Bxh1 14.d5 
h5 15.Kf2 Rh6 16.Ne2 Bxf3 0-1

[Event "POL-chT3"]
[Site "Jastrzebia Gora POL"]
[Date "2016.09.03"]
[Round "1.4"]
[White "Gmaj, Krzysztof"]
[Black "Bernat, Marcin"]
[Result "1/2-1/2"]
[WhiteElo "2192"]
[BlackElo "2068"]
[EventDate "2016.09.02"]

1.e4 e6 2.d4 d5 3.Nc3 Nf6 4.exd5 Nxd5 5.Ne4 Nd7 6.Nf3 Be7 7.Bd3 N7f6 8.O-O
O-O 9.c4 Nb4 10.Nxf6+ Bxf6 11.Be4 a5 12.a3 Nc6 13.Be3 Bd7 14.Qc2 g6 15.
Rad1 Qc8 16.h4 Ne7 17.Bg5 Bxg5 18.hxg5 Bc6 19.Ne5 h5 20.gxh6 Kh7 21.d5 
exd5 22.cxd5 Bd7 23.Qc3 f6 24.Nxg6 Nxg6 25.Bxg6+ Kxg6 26.Qg3+ Kxh6 27.Rd4 
Be8 28.Rh4+ Bh5 29.Qf4+ Kg6 30.g4 Bxg4 31.Rxg4+ Kf7 32.Rc1 c6 33.Kf1 Rh8 
34.Rc3 Rh1+ 35.Kg2 Rh7 36.dxc6 bxc6 37.Rcg3 Qd7 38.Rh4 Rah8 39.Rxh7+ Rxh7 
40.Qe3 Qd5+ 41.Qf3 1/2-1/2

[Event "POL-chT3"]
[Site "Jastrzebia Gora POL"]
[Date "2016.09.03"]
[Round "1.5"]
[White "Rozumek, Krzysztof"]
[Black "Morkisz, Bogdan"]
[Result "0-1"]
[WhiteElo "2010"]
[BlackElo "2020"]
[EventDate "2016.09.02"]

1.h3 g6 2.c3 f5 3.d4 Nf6 4.Nf3 Bg7 5.Bf4 d6 6.Qb3 e6 7.e3 O-O 8.Bc4 Qe7 9.
Nbd2 Nc6 10.Qa3 Kh8 11.h4 Nh5 12.Be2 Re8 13.Nc4 b5 14.Na5 Nxa5 15.Qxa5 
Nxf4 16.exf4 e5 17.fxe5 dxe5 18.d5 e4 19.Nd4 f4 20.Bxb5 Qc5 21.Nb3 Qe7 22.
Bxe8 Qxe8 23.O-O-O Bf5 24.Rhe1 Bg4 25.f3 Bf5 26.fxe4 Bg4 27.Rd3 Qe7 28.Qc5
Qxh4 29.Qg1 Re8 30.Nd2 Bd7 31.Nf3 Qg4 32.Qh2 Bb5 33.Rd2 Qc8 34.Ng5 h5 35.
e5 Qa6 36.a3 Qa4 37.Rd4 Qb3 38.Qxf4 Rf8 39.Nf7+ Kg8 40.e6 Be8 41.Rf1 Bxd4 
42.cxd4 Ba4 43.Qd2 Qc4+ 44.Kb1 Qxf1+ 45.Ka2 Qc4+ 46.Ka1 Bb3 47.Qe1 Qxd4 
48.e7 Re8 49.Nh6+ Kg7 50.Nf5+ gxf5 51.Qg3+ Kh6 0-1

[Event "POL-chT3"]
[Site "Jastrzebia Gora POL"]
[Date "2016.09.03"]
[Round "1.6"]
[White "Kubicka, Anna"]
[Black "Kupsik, Joanna"]
[Result "1-0"]
[WhiteElo "2239"]
[BlackElo "1719"]
[EventDate "2016.09.02"]

1.e4 e5 2.Nf3 Nc6 3.Bb5 a6 4.Ba4 Nf6 5.O-O b5 6.Bb3 Bb7 7.Re1 Bd6 8.c3 O-O
9.d4 Re8 10.Nbd2 h6 11.a4 Qb8 12.h3 Kf8 13.Qe2 Na5 14.Bc2 Nc6 15.axb5 axb5
16.Rxa8 Bxa8 17.Qf1 Qb6 18.Nb3 Na5 19.dxe5 Nxb3 20.Be3 Bc5 21.exf6 Bxe3 
22.fxg7+ Kxg7 23.Rxe3 Nc5 24.Qe2 Ne6 25.Nh4 Rg8 26.Qh5 Ng5 27.Nf5+ Kf8 28.
h4 Nh7 29.Bb3 Rg6 30.Qd1 Nf6 31.Qd3 d6 32.Bd5 c6 33.Bxf7 Kxf7 34.Nxd6+ Kf8
35.e5 c5 36.Qxg6 1-0

[Event "POL-chT3"]
[Site "Jastrzebia Gora POL"]
[Date "2016.09.03"]
[Round "1.7"]
[White "Kantans, Toms"]
[Black "Kumala, Aleksander"]
[Result "1-0"]
[WhiteElo "2491"]
[BlackElo "2211"]
[EventDate "2016.09.02"]

1.e4 e5 2.Nf3 Nc6 3.d4 exd4 4.Nxd4 Nf6 5.Nxc6 bxc6 6.e5 Qe7 7.Qe2 Nd5 8.c4
Nb6 9.Nc3 Qe6 10.f4 Bb7 11.b3 O-O-O 12.Bb2 d5 13.O-O-O Be7 14.cxd5 cxd5 
15.Nb5 c5 16.Nxa7+ Kb8 17.Nb5 d4 18.Qd2 g5 19.fxg5 Qxe5 20.h4 Rhe8 21.Kb1 
Nd5 22.Rc1 Ne3 23.Bd3 Nxg2 24.Qa5 Rd7 25.Ka1 Ne3 26.Rhe1 Ba8 27.Nxd4 Rxd4 
28.Qb5+ Kc7 29.Qxe8 Bc6 30.Qxf7 Bd5 31.Qf2 c4 32.Rxe3 1-0

[Event "POL-chT3"]
[Site "Jastrzebia Gora POL"]
[Date "2016.09.03"]
[Round "1.8"]
[White "Kasperek, Ryszard"]
[Black "Kuzmicz, Krystian"]
[Result "0-1"]
[WhiteElo "2160"]
[BlackElo "2470"]
[EventDate "2016.09.02"]

1.e4 g6 2.d4 Bg7 3.Nc3 c6 4.Bc4 d6 5.Nf3 Nf6 6.O-O b5 7.Bd3 O-O 8.Re1 b4 
9.Nb1 Bg4 10.Nbd2 d5 11.e5 Nfd7 12.h3 Bxf3 13.Nxf3 e6 14.a3 c5 15.axb4 
cxb4 16.Bg5 Qb6 17.Qd2 Nc6 18.Qf4 a5 19.b3 Rae8 20.Qh4 f6 21.exf6 Nxf6 22.
Re2 Nh5 23.Be3 Rxf3 24.gxf3 Nxd4 25.Bxd4 Bxd4 26.Rd1 e5 27.Bc4 Rd8 28.Rxd4
exd4 29.Bd3 Rf8 30.Re7 Rxf3 31.Qg4 Rf8 32.Re6 Qa7 33.Rd6 Qe7 34.Re6 Qf7 
35.Re2 Nf4 36.Rd2 Qe7 37.Bf1 Qe1 38.Rxd4 Nxh3+ 39.Qxh3 Qxf2+ 0-1

[Event "POL-chT3"]
[Site "Jastrzebia Gora POL"]
[Date "2016.09.03"]
[Round "1.9"]
[White "Sabuk, Piotr"]
[Black "Puczylowski, Marcin"]
[Result "1-0"]
[WhiteElo "2365"]
[BlackElo "2101"]
[EventDate "2016.09.02"]

1.d4 Nf6 2.c4 e6 3.g3 d5 4.Nf3 Be7 5.Bg2 O-O 6.O-O dxc4 7.Ne5 Qd6 8.Na3 
Rd8 9.Naxc4 Qxd4 10.Qb3 Nd5 11.Rd1 Qc5 12.e4 b5 13.exd5 bxc4 14.Qf3 Bf6 
15.Be3 Qf8 16.dxe6 Bxe6 17.Rxd8 Qxd8 18.Rd1 Qf8 19.Qxa8 Bxe5 20.Bxa7 Nd7 
21.Bd4 Bd6 22.a4 Bg4 23.Re1 Qxa8 24.Bxa8 Kf8 25.Bd5 Bb4 26.Rc1 c5 27.Bc3 
Bxc3 28.Rxc3 Nb6 29.Bc6 Ke7 30.a5 Kd6 31.Bg2 Nc8 32.Rxc4 Be6 33.Rc1 c4 34.
Bf1 Kc5 35.Bxc4 1-0

[Event "POL-chT3"]
[Site "Jastrzebia Gora POL"]
[Date "2016.09.03"]
[Round "1.10"]
[White "Zurkowski, Andrzej"]
[Black "Dubinski, Mateusz"]
[Result "1/2-1/2"]
[WhiteElo "2073"]
[BlackElo "2241"]
[EventDate "2016.09.02"]

1.d4 d5 2.Nf3 Nf6 3.g3 c6 4.Bg2 Bf5 5.O-O h6 6.c4 e6 7.Nc3 Nbd7 8.Nd2 Be7 
9.e4 dxe4 10.Ndxe4 O-O 11.Be3 Nxe4 12.Nxe4 Nf6 13.Nxf6+ Bxf6 14.Qd2 Qb6 
15.c5 Qc7 16.Qb4 g5 17.Rfd1 Rfd8 18.Qc4 Rd7 19.Rd2 Qd8 20.Rad1 Qf8 21.h3 
Qg7 22.b4 a6 23.a4 Qh7 24.Re2 Bg7 25.Kh2 Be4 26.Bxe4 Qxe4 27.Bxg5 Qf3 28.
Bh4 e5 29.Qd3 Qxd3 30.Rxd3 exd4 31.a5 Kf8 32.Kg2 Re8 33.Kf1 f5 34.Ke1 
Rxe2+ 35.Kxe2 Kf7 36.Rf3 Ke6 37.Kd3 Rd5 38.Rf4 Be5 39.Rf3 Rd7 40.Kc4 Rf7 
1/2-1/2

[Event "POL-chT3"]
[Site "Jastrzebia Gora POL"]
[Date "2016.09.03"]
[Round "1.11"]
[White "Szczepaniak, Lukasz"]
[Black "Kasperek, Joanna"]
[Result "0-1"]
[WhiteElo "2173"]
[BlackElo "2049"]
[EventDate "2016.09.02"]

1.c4 e5 2.Nc3 Nf6 3.g3 c6 4.Bg2 d5 5.cxd5 cxd5 6.d4 exd4 7.Qxd4 Nc6 8.Qa4 
Bb4 9.e3 O-O 10.Ne2 Bg4 11.O-O Rc8 12.h3 Be6 13.Rd1 Bxc3 14.Nxc3 Qd7 15.
Qh4 Ne5 16.e4 Ng6 17.Qg5 Bxh3 18.Nxd5 Nxd5 19.Rxd5 Qe6 20.Bxh3 Qxh3 21.Be3
a6 22.Rad1 h6 23.Qf5 Qxf5 24.Rxf5 Rc2 25.Rd2 Rxd2 26.Bxd2 Re8 27.f3 Ne5 
28.Bc3 f6 29.Kf1 Re6 30.Ke2 g6 31.Rf4 Kf7 32.Rh4 h5 33.Rh1 b5 34.Bxe5 fxe5
35.Rc1 Rd6 36.Rc8 Ke7 37.Ra8 Kd7 38.Ke3 Ke7 39.Ra7+ Ke6 40.Rg7 Kf6 41.Rc7 
g5 42.Rc8 Kg6 43.Rg8+ Kf6 44.Rc8 Kg6 45.b3 Kf6 46.Rc5 Ke6 47.Ke2 h4 48.
gxh4 gxh4 49.Rc8 Kf6 50.Rg8 Rc6 51.Kd2 Rc7 52.Rh8 Kg5 53.Rg8+ Kf4 54.Rg4+ 
Kxf3 55.Rxh4 a5 56.Rh8 b4 57.Ra8 Rc5 58.Kd3 Rc3+ 59.Kd2 Rc5 60.Kd3 Rc3+ 
61.Kd2 Kxe4 62.Rxa5 Rh3 63.Ra4 Rh2+ 64.Kc1 Kd3 65.Rxb4 Rxa2 66.Rb8 e4 67.
Rd8+ Kc3 68.Kd1 Kxb3 69.Rd4 Kc3 70.Rxe4 Kd3 0-1

[Event "POL-chT3"]
[Site "Jastrzebia Gora POL"]
[Date "2016.09.03"]
[Round "1.12"]
[White "Murawko, Katarzyna"]
[Black "Kantane, Anna"]
[Result "0-1"]
[WhiteElo "2031"]
[BlackElo "2248"]
[EventDate "2016.09.02"]

1.d4 Nf6 2.Nf3 c5 3.d5 e6 4.c4 exd5 5.cxd5 d6 6.Nc3 g6 7.e4 Bg7 8.Bd3 O-O 
9.h3 Na6 10.O-O Nc7 11.Re1 Rb8 12.a4 a6 13.a5 b5 14.axb6 Rxb6 15.Nd2 Nb5 
16.Nc4 Rb8 17.Bg5 Qc7 18.Bf4 Ne8 19.e5 Qd8 20.Qf3 dxe5 21.Nxe5 Nd4 22.Qe3 
Rxb2 23.Na4 Rb4 24.Nxc5 Qxd5 25.Rac1 Nd6 26.Bxa6 N6f5 27.Qd3 Nh4 28.f3 Rb2
29.Bc4 Rxg2+ 30.Kh1 Qd8 31.Red1 Bxe5 32.Bxe5 Qg5 0-1

[Event "POL-chT3"]
[Site "Jastrzebia Gora POL"]
[Date "2016.09.03"]
[Round "1.13"]
[White "Sadowski, Miroslaw"]
[Black "Szotkowski, Jakub"]
[Result "0-1"]
[WhiteElo "2100"]
[BlackElo "2403"]
[EventDate "2016.09.02"]

1.d4 Nf6 2.Nf3 c5 3.c3 e6 4.Bf4 b6 5.g3 Bb7 6.Bg2 Be7 7.O-O O-O 8.dxc5 
bxc5 9.Bd6 Bxd6 10.Qxd6 Qb6 11.Qxb6 axb6 12.c4 d5 13.Ne5 Nc6 14.Nxc6 Bxc6 
15.Nc3 Rac8 16.b3 d4 17.Bxc6 Rxc6 18.Nb5 e5 19.Rfd1 e4 20.b4 Ng4 21.a4 e3 
22.fxe3 Nxe3 23.Rdc1 Ra8 24.a5 bxa5 25.Nxd4 cxd4 26.c5 Rac8 27.Rxa5 g6 28.
Ra7 Rb8 29.Ra4 Kg7 30.Kf2 Nd5 31.b5 Rxb5 32.Rxd4 Rcxc5 0-1

[Event "POL-chT3"]
[Site "Jastrzebia Gora POL"]
[Date "2016.09.03"]
[Round "1.14"]
[White "Nguyen, Piotr"]
[Black "Pazderski, Ziemowit"]
[Result "1-0"]
[WhiteElo "2435"]
[BlackElo "2263"]
[EventDate "2016.09.02"]

1.Nf3 Nf6 2.c4 e6 3.g3 c5 4.Bg2 Nc6 5.O-O Be7 6.d4 cxd4 7.Nxd4 O-O 8.Nc3 
Qb6 9.Nb3 Ne5 10.c5 Qb4 11.Bf4 Ng6 12.Bd6 Bxd6 13.Qxd6 Ne8 14.Qd4 Qxd4 15.
Nxd4 d5 16.cxd6 Nxd6 17.Rfd1 e5 18.Ndb5 Nxb5 19.Nxb5 a6 20.Nd6 Rb8 21.Nxc8
Rfxc8 22.Rd7 Rc2 23.Bd5 Rf8 24.Rxb7 Rxe2 25.Bc4 Rc2 26.Bxa6 e4 27.a4 Ne5 
28.a5 e3 29.fxe3 Nf3+ 30.Kf1 Rxh2 31.Ra3 Nd2+ 32.Ke1 h5 33.Bd3 Rd8 34.a6 
Nf3+ 35.Kd1 Ne5 36.a7 Nxd3 37.Rb8 1-0

[Event "POL-chT3"]
[Site "Jastrzebia Gora POL"]
[Date "2016.09.03"]
[Round "1.15"]
[White "Maciaga, Marcin"]
[Black "Kowalczyk, Pawel"]
[Result "0-1"]
[WhiteElo "2120"]
[BlackElo "2303"]
[EventDate "2016.09.02"]

1.g3 h5 2.Nf3 Nc6 3.c4 e5 4.Nc3 Bc5 5.Bg2 d6 6.d3 Nge7 7.a3 a5 8.O-O Nf5 
9.Nd5 h4 10.e3 hxg3 11.fxg3 Be6 12.Qe2 a4 13.Bd2 Na5 14.g4 Nh4 15.Nxh4 
Rxh4 16.Bxa5 Rxa5 17.Qe1 c6 18.Nf6+ gxf6 19.Qxh4 Bxe3+ 20.Kh1 Bg5 21.Qh5 
Kd7 22.Be4 Ra8 23.Bf5 Qg8 24.Rf3 Qg7 25.Rh3 Rg8 26.Qh7 Qxh7 27.Rxh7 Ke7 
28.Rf1 Be3 29.Rh3 Bd4 30.Rhf3 Bxf5 31.gxf5 b6 32.Rg3 Rh8 33.Rb1 Rh5 34.Rf3
d5 35.b3 axb3 36.Rxb3 Kd6 37.cxd5 cxd5 38.Rb5 Bc5 39.a4 Rh4 40.a5 Kc6 41.
Rb1 bxa5 42.Rg3 Rh8 43.Rg7 Rf8 44.Kg2 a4 45.h4 a3 46.Kf3 Bd4 47.Rg2 Rh8 
48.Rc2+ Kd6 49.Kg4 Ra8 50.Ra2 Ra4 51.Kg3 Ra8 52.Rb7 Bb2 53.Rxf7 e4 54.dxe4
dxe4 55.Kf4 Re8 56.Rg7 e3 57.Rg1 Kd5 58.Re1 Kd4 59.Kf3 Re5 60.Rd1+ Kc3 61.
Ke2 Kb3 62.Rxa3+ Kxa3 63.h5 Rxf5 64.Rh1 Re5 65.Rh3 Kb4 66.h6 Re8 67.h7 Rh8
68.Kxe3 Kc5 69.Ke4 Kd6 70.Kf5 Be5 71.Rd3+ Kc6 72.Kg6 Bb2 73.Rd2 Be5 74.Rd1
Kc7 75.Rd3 Rf8 76.Kf5 Re8 77.Rd1 Kc6 78.Rh1 Rh8 79.Ke6 Kc5 80.Rh4 Bd4 81.
Kf5 Kd5 82.Rh1 Kc4 83.Rc1+ Kd3 84.Rh1 Be5 85.Rh3+ Kc4 86.Rh1 Kd4 87.Rh4+ 
Kc5 88.Rh1 Kd6 89.Rh3 Ke7 90.Rb3 Bd4 91.Rb7+ Kd6 92.Rb4 Bf2 93.Rf4 Be3 94.
Re4 Bc5 95.Rh4 Ke7 96.Kg6 f5 97.Kg7 Bd6 98.Kg6 Ke6 99.Rh1 Be5 100.Rb1 f4 
101.Rb7 Kd5 102.Kf5 Rf8+ 103.Kg4 f3 104.Rb1 f2 105.Rf1 Ke4 106.Kh3 Kf3 
107.Rc1 Rh8 0-1

[Event "POL-chT3"]
[Site "Jastrzebia Gora POL"]
[Date "2016.09.03"]
[Round "1.16"]
[White "Jagodzinski, Piotr"]
[Black "Kowalec, Maciej"]
[Result "1/2-1/2"]
[WhiteElo "2241"]
[BlackElo "2100"]
[EventDate "2016.09.02"]

1.e4 c5 2.Nf3 d6 3.c3 Nf6 4.Qc2 g6 5.d4 cxd4 6.cxd4 Bg7 7.Nc3 O-O 8.h3 Nc6
9.d5 Ne5 10.Nxe5 dxe5 11.Be2 e6 12.dxe6 Bxe6 13.O-O Qc7 14.Be3 a6 15.Rac1 
b5 16.a4 bxa4 17.Qxa4 Qb7 18.Qa5 Rfc8 19.Rfd1 Nd7 20.Nd5 Rxc1 21.Bxc1 Bxd5
22.Qxd5 Qxd5 23.Rxd5 Nb6 24.Rd6 Rb8 25.b3 Bf8 26.Rc6 a5 27.Be3 Nc8 28.Bc4 
Nd6 29.Bd5 Nb5 30.g4 Bb4 31.f4 exf4 32.Bxf4 Re8 33.Rf6 Re7 34.Bh6 Nd6 35.
Kg2 Nxe4 36.Ra6 Nd6 37.Bg5 Re8 38.Bf4 Rd8 39.Ra7 Rc8 40.Rd7 Rc2+ 41.Kf1 
Nc8 42.Bxf7+ Kg7 43.Be5+ Kf8 44.Bc4 Nb6 45.Rxh7 Nxc4 46.bxc4 Rxc4 47.Ra7 
Rc2 48.Ra6 g5 49.Bf6 Rh2 50.Bxg5 Rxh3 51.Kg2 Rd3 52.Ra7 Kg8 53.Bf6 Bc3 54.
Bxc3 Rxc3 55.Rxa5 Kg7 1/2-1/2

[Event "POL-chT3"]
[Site "Jastrzebia Gora POL"]
[Date "2016.09.03"]
[Round "1.17"]
[White "Krasiewicz, Robert"]
[Black "Dowgird, Filip"]
[Result "1/2-1/2"]
[WhiteElo "2097"]
[BlackElo "2238"]
[EventDate "2016.09.02"]

1.c4 e5 2.g3 Nf6 3.Bg2 h6 4.Nc3 Bb4 5.Nf3 e4 6.Nd4 Bxc3 7.bxc3 O-O 8.O-O 
d6 9.f3 exf3 10.Rxf3 Nbd7 11.d3 c6 12.Nf5 Ne5 13.Rf1 Bxf5 14.Rxf5 Qe7 15.
Qf1 Ned7 16.Rb1 Rab8 17.h3 Kh7 18.g4 g6 19.Rf3 Ne8 20.Qf2 Ng7 21.e4 Ne5 
22.Rg3 b6 23.Qe3 g5 24.h4 Ne6 25.hxg5 hxg5 26.d4 Ng6 27.e5 Nef4 28.Bxc6 
dxe5 29.Be4 Rbe8 30.d5 Rc8 31.Rb4 Kg7 32.Bf5 Rc5 33.Ra4 Qe8 34.Rxa7 Rxc4 
35.Bxg6 Rxc3 36.Qxc3 Ne2+ 37.Kf2 Nxc3 38.Rxc3 Kxg6 39.Rc6+ f6 40.Rcc7 Rh8 
41.Rg7+ Kh6 42.Rgf7 Kg6 43.Rg7+ Kh6 44.Rgf7 Kg6 45.Rg7+ 1/2-1/2

[Event "POL-chT3"]
[Site "Jastrzebia Gora POL"]
[Date "2016.09.03"]
[Round "1.18"]
[White "Majdan-gajewska, Joanna"]
[Black "Gluszko, Monika"]
[Result "1-0"]
[WhiteElo "2362"]
[BlackElo "1923"]
[EventDate "2016.09.02"]

1.e4 c5 2.Nf3 d6 3.d4 cxd4 4.Nxd4 Nf6 5.Nc3 g6 6.Be3 Bg7 7.f3 O-O 8.Qd2 
Nc6 9.Bc4 Nxd4 10.Bxd4 Be6 11.Bb3 Qa5 12.Rd1 b5 13.a3 Rac8 14.h4 h5 15.Qg5
Bxb3 16.cxb3 e5 17.b4 Qc7 18.Bf2 a6 19.Qd2 Rfd8 20.Be3 Qc4 21.Kf2 Qb3 22.
Bg5 Rd7 23.Rhe1 d5 24.Bxf6 Bxf6 25.exd5 Bxh4+ 26.g3 Bf6 27.Rc1 Kg7 28.Kg2 
Rh8 29.Re4 h4 30.gxh4 Rxh4 31.Rxh4 Bxh4 32.Rh1 g5 33.Qe2 f6 34.Rd1 Rd8 35.
Rd2 Re8 36.Ne4 Qa2 37.Nd6 Rh8 38.Qe3 Kg6 39.Qe4+ Kg7 40.Rc2 Qa1 41.Rc7+ 
1-0

[Event "POL-chT3"]
[Site "Jastrzebia Gora POL"]
[Date "2016.09.03"]
[Round "1.19"]
[White "Sopur, Lech"]
[Black "Walter, Szymon"]
[Result "1-0"]
[WhiteElo "2404"]
[BlackElo "2261"]
[EventDate "2016.09.02"]

1.Nf3 Nf6 2.c4 e6 3.g3 d5 4.Bg2 dxc4 5.Qa4+ c6 6.Qxc4 b5 7.Qb3 Bb7 8.O-O 
Be7 9.d4 O-O 10.Rd1 Qb6 11.Nc3 Nbd7 12.e4 Rfd8 13.e5 Nd5 14.Bg5 c5 15.Nxb5
Bxg5 16.Nxg5 Bc6 17.Qf3 Rf8 18.Nd6 cxd4 19.Qe4 g6 20.Rac1 Rab8 21.Nc4 Qa6 
22.a3 Rb3 23.Qxd4 h6 24.Ne4 Ba8 25.h4 Kg7 26.h5 g5 27.Bf1 Qa4 28.Bd3 Rbb8 
29.b4 N7b6 30.Nc5 Qc6 31.Qe4 Rh8 32.Nd6 1-0

[Event "POL-chT3"]
[Site "Jastrzebia Gora POL"]
[Date "2016.09.03"]
[Round "1.20"]
[White "Dzierzak, Radoslaw"]
[Black "Lewtak, Damian"]
[Result "0-1"]
[WhiteElo "2204"]
[BlackElo "2333"]
[EventDate "2016.09.02"]

1.e4 e6 2.d4 d5 3.Nd2 dxe4 4.Nxe4 Nd7 5.Nf3 Ngf6 6.Bd3 Nxe4 7.Bxe4 Nf6 8.
Bd3 c5 9.dxc5 Bxc5 10.Bg5 O-O 11.O-O b6 12.Qe2 Bb7 13.Rad1 Qc7 14.Bxf6 
gxf6 15.Be4 Bxe4 16.Qxe4 Rfd8 17.g3 f5 18.Qe2 Be7 19.c4 a5 20.b3 Bf6 21.
Qe3 Kg7 22.Nd4 a4 23.Ne2 Qe5 24.Qxe5 Bxe5 25.b4 a3 26.Rxd8 Rxd8 27.Rc1 Rd2
28.Nc3 Bd4 29.Nb5 Bxf2+ 30.Kf1 Rxa2 31.Rc3 Ra1+ 32.Kxf2 a2 33.Ra3 Rh1 34.
Ke3 a1=Q 35.Rxa1 Rxa1 36.c5 bxc5 0-1

[Event "POL-chT3"]
[Site "Jastrzebia Gora POL"]
[Date "2016.09.03"]
[Round "1.22"]
[White "Mucha, Piotr"]
[Black "Kowalczyk, Rafal"]
[Result "1-0"]
[WhiteElo "2161"]
[BlackElo "2241"]
[EventDate "2016.09.02"]

1.e4 e5 2.Nf3 Nc6 3.Bb5 a6 4.Ba4 Nf6 5.d3 d6 6.a3 Be7 7.Nc3 O-O 8.O-O b5 
9.Bb3 Bg4 10.Be3 Qd7 11.Re1 Rab8 12.Ne2 Na5 13.Ba2 c5 14.Ng3 Bd8 15.h3 Be6
16.b4 Bxa2 17.Rxa2 cxb4 18.axb4 Nc6 19.Qd2 Ra8 20.Rea1 Qb7 21.Nf5 Be7 22.
Bg5 Rfd8 23.Qc3 Kf8 24.Qb3 Rd7 25.c3 Bd8 26.Ne3 h6 27.Bh4 g5 28.Bg3 Ne7 
29.Bxe5 dxe5 30.Nxe5 Ng6 31.Nxd7+ Nxd7 32.c4 Bf6 33.Rd1 bxc4 34.Nxc4 Nc5 
35.Qa3 Ne6 36.b5+ Be7 37.bxa6 Qc6 38.Qa5 Bc5 39.Ne3 Ne7 40.Rc1 Qd6 41.Nf5 
Qe5 42.Qc3 Qxc3 43.Rxc3 h5 44.Rc4 Ba7 45.Nd6 Nd4 46.Rb2 g4 47.Rb7 g3 48.
Kf1 gxf2 49.Rxa7 Rxa7 50.Rxd4 Rxa6 51.Kxf2 Nc6 52.Rc4 Ne5 53.Rc8+ Ke7 54.
Nf5+ Kd7 55.Rc3 Ra2+ 56.Kg3 Rd2 57.d4 Ng6 58.Ra3 Re2 59.Kf3 Rb2 60.Ra7+ 
Ke6 61.Ra6+ Kd7 62.e5 Rb3+ 63.Ke4 Rb2 64.Ra7+ Kd8 65.g3 Re2+ 66.Kf3 Rd2 
67.Ke3 Rc2 68.Rxf7 h4 69.Rg7 Rc3+ 70.Ke4 1-0

[Event "POL-chT3"]
[Site "Jastrzebia Gora POL"]
[Date "2016.09.03"]
[Round "1.23"]
[White "Strzelecki, Jerzy"]
[Black "Faron, Rafal"]
[Result "1/2-1/2"]
[WhiteElo "2010"]
[BlackElo "2062"]
[EventDate "2016.09.02"]

1.Nf3 d5 2.d4 Nf6 3.c4 dxc4 4.e3 Bg4 5.Bxc4 e6 6.h3 Bh5 7.O-O Nbd7 8.b3 
Bd6 9.Bb2 O-O 10.Nbd2 Qe7 11.Qc2 e5 12.dxe5 Nxe5 13.Be2 Rad8 14.Rfd1 c6 
15.Nf1 Nxf3+ 16.Bxf3 Bxf3 17.gxf3 Be5 18.Bxe5 Qxe5 19.Rxd8 Rxd8 20.Rd1 Rd5
21.f4 Qd6 22.Rxd5 Nxd5 23.Ng3 Qe6 24.Kh2 h6 25.Qd2 Qf6 26.Kg2 Qc3 27.Qe2 
Nf6 28.Qd1 Nd5 29.Qe2 Nf6 30.Qd1 Nd5 31.Qe2 Nf6 1/2-1/2

[Event "POL-chT3"]
[Site "Jastrzebia Gora POL"]
[Date "2016.09.03"]
[Round "1.24"]
[White "Binkowska, Agata"]
[Black "Sliwicka, Alicja"]
[Result "0-1"]
[WhiteElo "1776"]
[BlackElo "2092"]
[EventDate "2016.09.02"]

1.d4 d5 2.Nf3 e6 3.Bf4 c5 4.e3 Nc6 5.c3 Nf6 6.Bd3 Bd6 7.Bg3 O-O 8.Nbd2 Qe7
9.Ne5 Nd7 10.f4 f6 11.Bxh7+ Kxh7 12.Qh5+ Kg8 13.Ng6 Qe8 14.f5 Bxg3+ 15.
hxg3 exf5 16.Nf3 Qxe3+ 17.Kd1 Qh6 18.Qxh6 gxh6 19.Nxf8 Kxf8 20.Rxh6 Kg7 
21.Rh4 b6 22.Kd2 Nf8 23.Re1 Ba6 24.Rf4 Rd8 25.Rxf5 Bc8 26.Rh5 Bg4 27.Rh4 
Bxf3 28.gxf3 Ng6 29.Rg4 cxd4 30.cxd4 Kf7 31.Rh1 Nce7 32.Rh7+ Ke6 33.Rg7 
Kf5 34.Rh7 Rc8 35.a3 b5 36.Rh5+ Ke6 37.Rh6 Rg8 38.Kc3 a5 39.Kd3 Rg7 40.Kc3
Kf7 41.Rh1 Nf5 42.Kd3 b4 43.axb4 axb4 44.Rh2 Nfe7 45.Kc2 Nc6 46.Rd2 Rh7 
47.Kb3 Nd8 48.Re2 f5 49.Rg5 Kf6 50.f4 Nf7 51.g4 Nxg5 52.fxg5+ Kxg5 53.gxf5
Nf4 54.Rf2 Rh3+ 55.Ka4 Kxf5 56.Kxb4 Ke4 0-1

[Event "POL-chT3"]
[Site "Jastrzebia Gora POL"]
[Date "2016.09.03"]
[Round "1.26"]
[White "Bartel, Michal"]
[Black "Marszalek, Maciej"]
[Result "1/2-1/2"]
[WhiteElo "2375"]
[BlackElo "2318"]
[EventDate "2016.09.02"]

1.e4 c5 2.Nf3 e6 3.d4 cxd4 4.Nxd4 a6 5.Bd3 Nf6 6.O-O Qc7 7.Nc3 d6 8.Kh1 
Be7 9.f4 Nbd7 10.Qf3 b5 11.Bd2 Bb7 12.Rae1 Nc5 13.b4 Nxd3 14.cxd3 Rc8 15.
Qg3 g6 16.e5 Nh5 17.Qh3 dxe5 18.fxe5 Qd7 19.Nce2 O-O 20.Bh6 Bxb4 21.Rb1 
Bc5 22.Bxf8 Rxf8 23.Nb3 Bb6 24.Nc3 Bd4 25.Ne4 Bxe4 26.dxe4 Bxe5 27.Qf3 Qe7
28.g3 Rc8 29.Rbc1 Rxc1 30.Nxc1 Nf6 31.Nd3 Nd7 32.Rc1 Bd4 33.Rf1 Ne5 34.
Nxe5 Bxe5 35.Kg2 Kg7 36.h4 h6 37.g4 Qc7 38.h5 g5 39.Rf2 a5 40.Qd3 b4 41.
Qb5 Bc3 42.Kh3 Bd4 43.Rf3 Be5 44.Rd3 Bf4 45.Qa4 Qc4 46.Qd1 Qxa2 47.Qg1 Be5
48.Rf3 Qc2 49.Rxf7+ Kxf7 50.Qf2+ Qxf2 1/2-1/2

[Event "POL-chT3"]
[Site "Jastrzebia Gora POL"]
[Date "2016.09.03"]
[Round "1.27"]
[White "Kuciel, Wladyslaw"]
[Black "Mickiewicz, Piotr"]
[Result "1-0"]
[WhiteElo "1928"]
[BlackElo "2331"]
[EventDate "2016.09.02"]

1.d4 g6 2.c4 Bg7 3.Nc3 d6 4.e4 e5 5.Nge2 Nc6 6.Be3 exd4 7.Nxd4 Nge7 8.Be2 
O-O 9.O-O f5 10.f3 f4 11.Bf2 Nxd4 12.Bxd4 Nc6 13.Bxg7 Kxg7 14.Nd5 Be6 15.
Rc1 Ne5 16.Qd2 g5 17.Rfd1 c6 18.Nb4 Qb6+ 19.Kh1 Rad8 20.Qc3 g4 21.Rxd6 
Rxd6 22.Qxe5+ Rf6 23.Qxd6 Qf2 24.Qd1 Rh6 25.Qe1 Qc5 26.fxg4 Kf7 27.Nd5 f3 
28.Bxf3 Qd4 29.g5 Rg6 30.Bh5 cxd5 31.cxd5 Bd7 32.Qf1+ Ke8 33.Qf6 Qe3 34.
Bxg6+ hxg6 35.Rf1 1-0

[Event "POL-chT3"]
[Site "Jastrzebia Gora POL"]
[Date "2016.09.03"]
[Round "1.28"]
[White "Czajkowski, Adam"]
[Black "Olesiak, Marcin"]
[Result "0-1"]
[WhiteElo "2260"]
[BlackElo "1997"]
[EventDate "2016.09.02"]

1.e4 c5 2.Nf3 d6 3.d4 cxd4 4.Nxd4 Nf6 5.Nc3 a6 6.h3 e5 7.Nde2 Be6 8.g4 h6 
9.Bg2 Be7 10.O-O Nbd7 11.Ng3 Qc7 12.a4 O-O 13.Nd5 Bxd5 14.exd5 Rfe8 15.Nf5
Bf8 16.h4 Nh7 17.Re1 Rac8 18.c3 b5 19.axb5 axb5 20.Bf1 Rb8 21.Ra6 Rb6 22.
Rxb6 Qxb6 23.Re4 Rb8 24.Rb4 Qd8 25.Bxb5 Rxb5 26.Rxb5 g6 27.Ne3 Qxh4 28.Qf3
Nc5 29.Ng2 Qe7 30.b4 e4 31.Qh3 Qe8 32.c4 Nd3 33.Bxh6 Bxh6 34.Qxh6 Ne5 35.
Ne3 Qc8 36.Qf4 Ng5 37.Kg2 Qd8 38.c5 Kg7 39.c6 Nef3 40.Qg3 Qh8 41.c7 Kh7 
42.Nc2 Qb2 43.c8=Q Qc1 44.Qh2+ Nxh2 45.Kxh2 Qf1 46.Qc3 Qxf2+ 47.Kh1 Nf3 
0-1

[Event "POL-chT3"]
[Site "Jastrzebia Gora POL"]
[Date "2016.09.03"]
[Round "1.29"]
[White "Szewczyk, Grzegorz"]
[Black "Barwinski, Dionizy"]
[Result "1/2-1/2"]
[WhiteElo "1953"]
[BlackElo "2049"]
[EventDate "2016.09.02"]

1.d4 Nf6 2.Nf3 e6 3.c4 b6 4.a3 Bb7 5.Nc3 Be7 6.d5 O-O 7.e4 exd5 8.cxd5 Re8
9.Bd3 d6 10.O-O Nbd7 11.Re1 Ne5 12.Be2 Nxf3+ 13.Bxf3 Nd7 14.Be3 Bf6 15.Bd4
c5 16.dxc6 Bxc6 17.Rc1 Bg5 18.Rc2 Nc5 19.b4 Ne6 20.Be3 Bxe3 21.Rxe3 Ng5 
22.Rd2 Nxf3+ 23.Qxf3 Qe7 24.Qd1 Rad8 25.Nd5 Bxd5 26.Rxd5 h6 27.h3 Qf6 28.
Rf5 Qe6 29.Rd5 Qf6 30.g3 Re5 31.Kg2 Rxd5 32.Qxd5 Qe6 33.Rd3 Kf8 34.f4 Qxd5
35.Rxd5 Ke7 36.Kf3 Rc8 37.Rd3 Ke6 38.g4 g5 39.f5+ Ke7 40.Ke3 Rc4 41.Rd4 
Rc1 42.Rd3 Kd7 43.Kd4 f6 44.Kd5 a6 45.h4 gxh4 46.Rh3 b5 47.Kd4 Rc4+ 48.Kd5
Rc1 49.Kd4 Rc4+ 50.Kd5 Rc1 51.Kd4 Rc4+ 1/2-1/2